Países Edificios Legislativos - Estadísticas

Estadísticas generales
  • Esta prueba ha sido intentada 38 veces
  • La puntuación promedio es 11 de 15
Estadísticas de respuestas
Imagen Respuesta % Correcto
Alemania
97%
España
97%
Reino Unido
97%
China
88%
Estados Unidos de America
88%
Italia
88%
Francia
82%
Grecia
79%
Noruega
68%
Suecia
68%
Dinamarca
65%
Finlandia
59%
Escocia
44%
Gales
41%
Irlanda del Norte
29%
No se encontraron pruebas coincidentes
Distribución de puntuación
Porcentaje de gente con cada puntuación
Porcentaje por número respondido
Historial de tus puntuaciones
No has intentado esta prueba.